|
|
|
|
| LEADER |
00000nab a2200000 a 4500 |
| 001 |
vtls000623913 |
| 003 |
SK-MaSNL |
| 005 |
20260304041910.0 |
| 008 |
201103c1997 xo 0 slo |
| 015 |
|
|
|a SNBRB19rr/mm-uuuuu
|
| 035 |
|
|
|a CL0624052
|
| 040 |
|
|
|a SNKBUCL
|b slo
|c SNKBUCL
|e AACR2
|
| 041 |
0 |
|
|a slo
|
| 044 |
|
|
|a xo
|c SK
|
| 080 |
|
|
|a 323(437.6)
|2 1981
|
| 100 |
1 |
|
|a Csáky, Pál,
|d 1956-
|4 aut
|9 89590
|
| 245 |
1 |
0 |
|a Diskutujme o skutočných problémoch
|c Pál Csáky
|
| 500 |
|
|
|a Chybné číslovanie. Správne má byť č. 89
|
| 650 |
0 |
7 |
|a vnútorná politika
|2 snkbucl
|9 970
|
| 651 |
|
7 |
|a Slovensko
|2 SNKPHgeo
|
| 655 |
|
7 |
|a články z novín a časopisov
|2 snkbucl
|9 267496
|
| 773 |
0 |
|
|t Sme
|g Roč. 5 a 50, č. 88 (18. 4. 1997), s. 4
|
| 850 |
|
|
|a Slovenská národná knižnica v Martine
|a MTA001
|
| 852 |
|
|
|a SNK
|b KIS3GCP
|
| 958 |
|
|
|a SK
|
| 958 |
|
|
|a RK
|
| 958 |
|
|
|a RBX
|
| 999 |
|
|
|c 2671069
|d 2672999
|